MARC

LEADER 00000nam0a2200000 4500
001 67001
005 20231031073223.0
035 |a (RuTPU)RU\TPU\book\71354 
090 |a 67001 
100 |a 20040910d1984 k y0rusy50 ca 
101 1 |a rus  |c eng 
102 |a RU 
105 |a a z 001zy 
200 1 |a Основы холодильной техники  |e пер. с англ.  |f Р. Дж. Доссат 
210 |a Москва  |c Легкая и пищевая промышленность  |d 1984 
215 |a 520 с.  |c ил. 
320 |a Предметный указатель: с. 508-512 
610 1 |a холодильная техника 
610 1 |a теплота 
610 1 |a внутренняя энергия 
610 1 |a температура 
610 1 |a идеальный газ 
610 1 |a насыщенный пар 
610 1 |a перегретый пар 
610 1 |a воздух 
610 1 |a охлаждение 
610 1 |a диаграммы 
610 1 |a холодильные циклы 
610 1 |a холодильное оборудование 
610 1 |a тепловые нагрузки 
610 1 |a расчеты 
610 1 |a испарители 
610 1 |a поршневые компрессоры 
610 1 |a равновесие 
610 1 |a конденсаторы 
610 1 |a градирни 
610 1 |a хладагенты 
610 1 |a компрессоры 
610 1 |a конструкции 
610 1 |a смазка 
610 1 |a трубопроводы 
610 1 |a электродвигатели 
675 |a 621.56  |v 3 
700 1 |a Доссат  |b Р. Дж.  |g Рой Дж. 
801 1 |a RU  |b 63413507  |c 20040910  |g PSBO 
801 2 |a RU  |b 63413507  |c 20160727  |g PSBO 
942 |c BK